[Event "ROM-chT"]
[Site "Baile Herculane"]
[Date "1996.??.??"]
[Round "?"]
[White "Leustean, Laurentiu"]
[Black "Tomescu, Vlad"]
[Result "1/2-1/2"]
[WhiteElo "2210"]
[BlackElo "2380"]
[PlyCount "181"]
[EventDate "1996.??.??"]
[EventType "team"]
[EventRounds "5"]
[EventCountry "ROU"]
[SourceTitle "CBM 056 Extra"]
[Source "ChessBase"]
[SourceDate "1997.03.01"]
[SourceVersion "1"]
[SourceVersionDate "1997.03.01"]
[SourceQuality "1"]

1. e4 e5 2. Nf3 Nc6 3. Bc4 Nf6 4. d3 Be7 5. 0-0 0-0 6. Bb3 d6 7. c3 h6 8. Nbd2 Nh7 9. Nc4 Ng5 10. Nxg5 Bxg5 11. Ne3 Ne7 12. d4 Ng6 13. dxe5 dxe5 14. Qxd8 Rxd8 15. Nc4 b6 16. Bxg5 hxg5 17. Rad1 Ba6 18. Rfe1 Bxc4 19. Bxc4 Kf8 20. f3 Ke7 21. g3 f6 22. Kf2 Rh8 23. Kg2 Rad8 24. Bb5 Rhf8 25. Kf2 Nh8 26. Bc4 c6 27. Bb3 Ng6 28. Ke3 Rh8 29. Rxd8 Kxd8 30. Rd1+ Ke7 31. Rd2 Nf8 32. Bc4 b5 33. Be2 Nd7 34. Bd1 Nb6 35. b3 a5 36. Bc2 b4 37. cxb4 axb4 38. Bd3 Ra8 39. Bf1 Ra5 40. Rc2 Kd6 41. Rd2+ Kc7 42. Rc2 Nc8 43. Be2 Nd6 44. Bd3 Kb6 45. Ke2 Ra8 46. Ke3 Rh8 47. Bf1 g6 48. g4 Rh4 49. Rd2 Kc7 50. Bd3 Rh8 51. Rc2 Ra8 52. Ke2 Kb6 53. Ke3 Ra7 54. Ke2 Nb7 55. Ke3 Na5 56. Bf1 Rh7 57. Rd2 Kc7 58. Rc2 Rh8 59. Rd2 Ra8 60. Rc2 Nb7 61. Bb5 Kb6 62. Bf1 Nd6 63. Rd2 Rd8 64. Bd3 c5 65. Rc2 Kc6 66. Rd2 Rd7 67. Rc2 Nc8 68. Be2 Rd4 69. Bd3 Nd6 70. Rc1 Kb6 71. Rc2 Nc8 72. Rd2 Ne7 73. Ke2 Nc6 74. Bc4 Rxd2+ 75. Kxd2 Nd4 76. Ke3 f5 77. gxf5 gxf5 78. exf5 Nxf5+ 79. Ke4 Nd4 80. Kxe5 Nxf3+ 81. Kf5 Nxh2 82. Kxg5 Nf3+ 83. Kf4 Nd4 84. Ke4 Kc6 85. Ke5 Nf3+ 86. Ke6 Nd2 87. Bd3 Kc7 88. Kd5 Kb6 89. Kd6 Nf3 90. Kd5 Nd4 91. Kd6 1/2-1/2

[Event "Drobeta"]
[Site "Drobeta"]
[Date "1993.??.??"]
[Round "?"]
[White "Vidonyak, Nellya"]
[Black "Leustean, Laurentiu"]
[Result "0-1"]
[WhiteElo "2285"]
[BlackElo "2225"]
[PlyCount "70"]
[EventDate "1993.??.??"]
[EventType "tourn"]
[EventRounds "11"]
[EventCountry "ROU"]
[EventCategory "4"]
[SourceTitle "EXT 1997"]
[Source "ChessBase"]
[SourceDate "1996.11.15"]
[SourceVersion "1"]
[SourceVersionDate "1996.11.15"]
[SourceQuality "1"]

1. d4 d5 2. c4 c6 3. Nc3 e6 4. Nf3 dxc4 5. a4 Bb4 6. e3 b5 7. Bd2 a5 8. axb5 Bxc3 9. Bxc3 cxb5 10. b3 Bb7 11. bxc4 b4 12. Bb2 Nf6 13. Bd3 Be4 14. Bxe4 Nxe4 15. 0-0 0-0 16. Qc2 Nf6 17. Rfd1 Qc7 18. e4 Rc8 19. e5 Nfd7 20. Ng5 Nf8 21. Rdc1 Nbd7 22. Ne4 Qc6 23. Nd6 Rab8 24. d5 exd5 25. Qf5 f6 26. exf6 Qxd6 27. fxg7 Ng6 28. cxd5 Ne7 29. Qg5 Re8 30. Re1 Nxd5 31. Red1 Rb6 32. Rd3 Qe7 33. Qc1 Nf4 34. Re3 Ne2+ 35. Rxe2 Qxe2 0-1